| 000 | 00740nam a2200265 a 4500 | ||
|---|---|---|---|
| 001 | nice12345678 | ||
| 003 | IN_TiNIC | ||
| 005 | 20260116013028.0 | ||
| 008 | 050524s1990 puna grp 000 0 eng | ||
| 020 |
_a _c110 |
||
| 082 | 0 | 0 |
_a297.0954 _bGAD |
| 100 | _aGadre, G D | ||
| 245 |
_aRole of Islam in South Asia _b Past, Present and Future. |
||
| 260 |
_aPune _bAl-Fatiha Foundation _c1990 |
||
| 300 | _a118p. | ||
| 500 | _aincludes index and biblioraphy | ||
| 505 | 2 | _aPapers presented to the islamic studies group of american academy of religion. | |
| 650 | _aIslam-India | ||
| 650 | _aIslam-Relations Hinduism | ||
| 650 | _aIslam and Politics | ||
| 700 | 1 | _aGadre, G D | |
| 902 | _bSRS | ||
| 942 | _cBK | ||
| 999 |
_c9340 _d9340 |
||